Statistics for Brazilian Soccer Players in the Premier League

Click here to take the quiz!

General Stats

  • This quiz has been taken 120 times
    (106 since last reset)
  • The average score is 10 of 20

Answer Stats

ClubPlayer% Correct
Manchester CityGabriel Jesus
86%
Liverpool FCFabinho
81%
Liverpool FCRoberto Firmino
79%
Manchester CityEderson
76%
Everton FCRicharlison
76%
Liverpool FCAlisson Becker
74%
Manchester CityFernandinho
70%
Manchester UnitedFred
69%
Tottenham HotspurLucas Moura
61%
Arsenal FCDavid Luiz
59%
Chelsea FCWillian
58%
Newcastle UnitedJoelinton
42%
Aston Villa FCDouglas Luiz
36%
West Ham UnitedFelipe Anderson
34%
Arsenal FCGabriel Martinelli
32%
Manchester UnitedAndreas Pereira
24%
Everton FCBernard
24%
Aston Villa FCWesley Moraes
23%
Brighton & Hove AlbionBernardo
9%
Watford FCHeurelho Gomes
7%

Score Distribution

Percentile by Number Answered

Percent of People with Each Score

Your Score History

You have not taken this quiz since the last reset